International macroeconomics dynamics

Salvato in:
Dettagli Bibliografici
Autore principale: Turnovsky, Stephen J.
Natura: Libro
Lingua:inglese
Pubblicazione: Cambridge MIT Press 1997
Soggetti:
Tags: Aggiungi Tag
Nessun Tag, puoi essere il primo ad aggiungerne!!

MARC

LEADER 00000nam a2200000 4500
001 c116035
005 20221124074714.3
020 |a 0-262-20111-9 
041 0 |a eng 
044 |a US 
245 1 0 |a International macroeconomics dynamics  |c Stephen J. Turnovsky 
264 1 |a Cambridge  |b MIT Press  |c 1997 
300 |a 492 s. 
610 2 0 |a makroekonomika 
610 2 0 |a vzťahy hospodárske medzinárodné 
610 2 0 |a modely ekonometrické 
610 2 0 |a financie medzinárodné 
610 2 0 |a modelovanie ekonometrické 
610 2 0 |a rovnováha hospodárska 
610 2 0 |a politika fiškálna 
610 2 0 |a modely rastu 
610 2 0 |a akumulácia kapitálu 
610 2 0 |a hospodárstvo svetové 
100 1 |a Turnovsky, Stephen J.